[Event "CCM6 - 13. ORDIX Open"]
[Site "Mainz"]
[Date "2006.??.??"]
[Round "3"]
[White "Paehtz, Thomas Sr"]
[Black "Sargissian, Gabriel"]
[Result "0-1"]
[WhiteElo "2409"]
[BlackElo "2680"]
[PlyCount "124"]
[EventDate "2006.??.??"]
[EventType "rapid"]
[EventRounds "11"]
[EventCountry "GER"]
[Source "Mike Rosa"]
[SourceDate "2009.01.01"]

1. d4 Nf6 2. Nf3 e6 3. e3 b6 4. Bd3 Bb7 5. O-O d5 6. b3 Nbd7 7. Bb2 Bd6 8. c4
O-O 9. Ne5 Qe7 10. a3 Rfd8 11. Qe2 Bxe5 12. dxe5 Ne4 13. b4 f5 14. exf6 Ndxf6
15. f3 Nd6 16. c5 Nf7 17. Rc1 e5 18. Nd2 a5 19. Qf2 bxc5 20. bxc5 Bc6 21. Nf1
Rab8 22. Ng3 Bb5 23. Nf5 Qe6 24. Bb1 Bc4 25. g4 e4 26. Nd4 Qe8 27. f4 Nxg4 28.
Qg3 Nfh6 29. Bc3 Qg6 30. Re1 Nf5 31. Nxf5 Qxf5 32. Kh1 c6 33. Bd4 Rb7 34. Bc2
Qg6 35. Rg1 Be2 36. h3 Bf3+ 37. Rg2 Bxg2+ 38. Kxg2 Nh6 39. Qxg6 hxg6 40. Ba4
Rc8 41. Kf2 Nf5 42. Be5 Kf7 43. Rg1 Nh4 44. Bc3 Nf5 45. Rh1 d4 46. exd4 Ne7 47.
d5 cxd5 48. Bd4 Nc6 49. Ke3 Ne7 50. Kd2 Rbc7 51. Rc1 Nf5 52. Bg1 d4 53. c6 Rb8
54. Rc4 e3+ 55. Kc2 Rh8 56. Kd3 Rxh3 57. Rc5 Rh1 58. Bb3+ Kf8 59. Rc1 Ke7 60.
Bd5 Rh8 61. Be4 Kd6 62. Rb1 Rxc6 0-1

[Event "CCM6 - 13. ORDIX Open"]
[Site "Mainz"]
[Date "2006.??.??"]
[Round "3"]
[White "Poldauf, Dirk"]
[Black "Bacrot, Etienne"]
[Result "0-1"]
[WhiteElo "2471"]
[BlackElo "2708"]
[PlyCount "62"]
[EventDate "2006.??.??"]
[EventType "rapid"]
[EventRounds "11"]
[EventCountry "GER"]
[Source "Mike Rosa"]
[SourceDate "2009.01.01"]

1. c4 e5 2. Nc3 Nc6 3. Nf3 Nf6 4. e4 Bb4 5. d3 d6 6. g3 O-O 7. Bg2 Bg4 8. h3
Bxf3 9. Bxf3 Nd4 10. a3 Bc5 11. Be3 a5 12. Bg2 c6 13. O-O h6 14. Rb1 Qe7 15.
Ne2 Ne6 16. Qd2 a4 17. Kh2 Rfb8 18. f4 Bxe3 19. Qxe3 b5 20. cxb5 Rxb5 21. f5
Nc5 22. Nc3 Rb3 23. g4 Rab8 24. g5 hxg5 25. Qxg5 Nxd3 26. Nxa4 Qa7 27. Rf3 Nf4
28. Rxb3 Rxb3 29. Nc3 Qf2 30. Qg3 Qxg3+ 31. Kxg3 Ne2+ 0-1

[Event "CCM6 - 13. ORDIX Open"]
[Site "Mainz"]
[Date "2006.??.??"]
[Round "3"]
[White "Sebag, Marie"]
[Black "Mamedyarov, Shakhriyar"]
[Result "0-1"]
[WhiteElo "2434"]
[BlackElo "2722"]
[PlyCount "120"]
[EventDate "2006.??.??"]
[EventType "rapid"]
[EventRounds "11"]
[EventCountry "GER"]
[Source "Mike Rosa"]
[SourceDate "2009.01.01"]

1. e4 e5 2. Nf3 Nc6 3. Bb5 a6 4. Bxc6 dxc6 5. O-O Bg4 6. h3 Bxf3 7. Qxf3 Qd7 8.
d3 f6 9. Nd2 h5 10. Nc4 O-O-O 11. Bd2 g5 12. Ne3 Kb8 13. Rfb1 Bc5 14. Nf5 Nh6
15. Nxh6 Rxh6 16. Qf5 Qxf5 17. exf5 e4 18. Bc3 exd3 19. Rd1 Rd5 20. Rxd3 Rxf5
21. Bd4 Rh7 22. Bxc5 Rxc5 23. c3 Re7 24. Kf1 Rce5 25. Rd2 b5 26. Rad1 Kb7 27.
b4 c5 28. g3 Kb6 29. a3 cxb4 30. cxb4 a5 31. Rd8 axb4 32. axb4 Re4 33. Rb1 Rc4
34. Rf8 Re6 35. Rf7 c6 36. Rf8 Ree4 37. Rxf6 Rxb4 38. Rd1 Rbd4 39. Rc1 Rc4 40.
Rd1 b4 41. Rd8 Re7 42. Rf3 Rc2 43. Rb8+ Rb7 44. Rg8 Rc5 45. Ke2 Kb5 46. Re3 Kc4
47. Kd2 Rd5+ 48. Kc1 b3 49. Re4+ Kc5 50. Re2 Ra7 51. Rge8 Rd4 52. R8e6 Kb4 53.
R2e4 Ra1+ 54. Kb2 Ra2+ 55. Kb1 Rxe4 56. Rxe4+ Ka3 57. Re5 Rb2+ 58. Ka1 Rxf2 59.
Ra5+ Kb4 60. Rxg5 c5 0-1

[Event "CCM6 - 13. ORDIX Open"]
[Site "Mainz"]
[Date "2006.??.??"]
[Round "3"]
[White "Volokitin, Andrei"]
[Black "Klundt, Klaus"]
[Result "1-0"]
[WhiteElo "2677"]
[BlackElo "2392"]
[PlyCount "47"]
[EventDate "2006.??.??"]
[EventType "rapid"]
[EventRounds "11"]
[EventCountry "GER"]
[Source "Mike Rosa"]
[SourceDate "2009.01.01"]

1. e4 c5 2. Nf3 Nc6 3. d4 cxd4 4. Nxd4 e5 5. Nb5 a6 6. Nd6+ Bxd6 7. Qxd6 Nf6 8.
Bg5 h6 9. Be3 Qe7 10. Qd2 O-O 11. Nc3 b5 12. f3 Bb7 13. O-O-O Rac8 14. Qd6 Qd8
15. Kb1 Qa5 16. g4 Rfe8 17. h4 Nd4 18. Bxd4 exd4 19. Qxd4 b4 20. g5 Rxc3 21.
gxf6 Rxf3 22. Rg1 g6 23. Qxd7 Rb8 24. Rxg6+ 1-0

[Event "CCM6 - 13. ORDIX Open"]
[Site "Mainz"]
[Date "2006.??.??"]
[Round "4"]
[White "Ginsburg, Gennadij"]
[Black "Volokitin, Andrei"]
[Result "0-1"]
[WhiteElo "2503"]
[BlackElo "2677"]
[PlyCount "96"]
[EventDate "2006.??.??"]
[EventType "rapid"]
[EventRounds "11"]
[EventCountry "GER"]
[Source "Mike Rosa"]
[SourceDate "2009.01.01"]

1. e4 c5 2. Nf3 e6 3. d4 cxd4 4. Nxd4 Nc6 5. Nb5 d6 6. c4 Nf6 7. N1c3 a6 8. Na3
Be7 9. Be2 b6 10. O-O Bb7 11. Be3 Ne5 12. Qd4 Ned7 13. f3 O-O 14. Rfd1 Re8 15.
Qd2 Rc8 16. Rac1 d5 17. cxd5 exd5 18. Nxd5 Nxd5 19. exd5 Rxc1 20. Qxc1 Nf6 21.
d6 Bxd6 22. Nc4 Nd5 23. Nxd6 Qxd6 24. Bf1 Qg6 25. Bf2 h6 26. Rd4 Rc8 27. Qd1
Qf5 28. Bd3 Qg5 29. h4 Qf6 30. Be4 Nf4 31. Rd6 Rc1 32. Qxc1 Qxd6 33. Qe3 Bxe4
34. Qxe4 Qd1+ 35. Kh2 Qf1 36. Qxf4 Qxf2 37. Qe4 Qxb2 38. Qa8+ Kh7 39. Qxa6 Qd4
40. Kh3 g5 41. hxg5 hxg5 42. Kh2 Qe5+ 43. Kg1 b5 44. Qa3 Qd4+ 45. Kh2 b4 46.
Qb3 Kg7 47. a3 Qd6+ 48. Kh3 Qh6+ 0-1

[Event "CCM6 - 13. ORDIX Open"]
[Site "Mainz"]
[Date "2006.??.??"]
[Round "4"]
[White "Horvath, Adam"]
[Black "Naiditsch, Arkadij"]
[Result "0-1"]
[WhiteElo "2495"]
[BlackElo "2669"]
[PlyCount "40"]
[EventDate "2006.??.??"]
[EventType "rapid"]
[EventRounds "11"]
[EventCountry "GER"]
[Source "Mike Rosa"]
[SourceDate "2009.01.01"]

1. e4 e5 2. Nf3 Nc6 3. Bc4 Nf6 4. d3 Be7 5. O-O O-O 6. Re1 d6 7. a3 Kh8 8. Nbd2
Ng8 9. Nf1 f5 10. exf5 Bxf5 11. h3 d5 12. Bb5 Nd4 13. Nxd4 exd4 14. Ng3 Bg6 15.
c3 Bc5 16. b4 Bd6 17. cxd4 c6 18. Ba4 Rxf2 19. Kxf2 Qh4 20. Qg4 Bxg3+ 0-1

[Event "CCM6 - 13. ORDIX Open"]
[Site "Mainz"]
[Date "2006.??.??"]
[Round "4"]
[White "Kasimdzhanov, Rustam"]
[Black "Galdunts, Sergey"]
[Result "1-0"]
[WhiteElo "2673"]
[BlackElo "2494"]
[PlyCount "106"]
[EventDate "2006.??.??"]
[EventType "rapid"]
[EventRounds "11"]
[EventCountry "GER"]
[Source "Mike Rosa"]
[SourceDate "2009.01.01"]

1. e4 e5 2. Nf3 Nc6 3. Bb5 a6 4. Ba4 Nf6 5. O-O Be7 6. Re1 b5 7. Bb3 d6 8. c3
O-O 9. h3 Na5 10. Bc2 c5 11. d4 Qc7 12. Nbd2 cxd4 13. cxd4 Nc6 14. Nb3 a5 15.
Be3 a4 16. Nbd2 Be6 17. a3 Rfc8 18. Bd3 Bd7 19. Rc1 Qb7 20. Qe2 b4 21. d5 Na5
22. Rxc8+ Bxc8 23. Bb5 Bd7 24. Bxd7 Nxd7 25. Nc4 Nb3 26. Nfd2 bxa3 27. bxa3 Qa6
28. Qf1 Rc8 29. Rb1 Bd8 30. Nxb3 Qxc4 31. Qxc4 Rxc4 32. Nd2 Rc3 33. Rb7 Nf8 34.
Ra7 Rxa3 35. Nc4 Ra1+ 36. Kh2 f5 37. exf5 Rd1 38. Ra8 Bf6 39. Nxd6 Rxd5 40. Ne4
Be7 41. Rxa4 Nd7 42. Ra7 g6 43. fxg6 hxg6 44. g3 Kf7 45. Kg2 Ke6 46. Kf3 Bf8
47. Ra6+ Bd6 48. h4 Ke7 49. Bg5+ Ke6 50. Kg4 Rd4 51. f3 Rd3 52. Bc1 Nb8 53.
Nc5+ Kd5 1-0

[Event "CCM6 - 13. ORDIX Open"]
[Site "Mainz"]
[Date "2006.??.??"]
[Round "4"]
[White "Kosteniuk, Alexandra"]
[Black "Morozevich, Alexander"]
[Result "0-1"]
[WhiteElo "2540"]
[BlackElo "2730"]
[PlyCount "92"]
[EventDate "2006.??.??"]
[EventType "rapid"]
[EventRounds "11"]
[EventCountry "GER"]
[Source "Mike Rosa"]
[SourceDate "2009.01.01"]

1. e4 c5 2. Nf3 e6 3. d4 cxd4 4. Nxd4 Nc6 5. Nc3 d6 6. Be3 Nf6 7. f4 Be7 8. Be2
O-O 9. O-O Bd7 10. Nb3 a6 11. a4 b6 12. Bf3 Rb8 13. Qe2 Qc8 14. g4 Na5 15. g5
Ne8 16. Nd2 Bd8 17. Bg2 b5 18. axb5 axb5 19. Rfc1 b4 20. Na4 Bb5 21. Qf2 f6 22.
g6 hxg6 23. Qg3 f5 24. e5 Nc4 25. Nxc4 Bxc4 26. b3 Bd5 27. Bxd5 exd5 28. Qxg6
dxe5 29. fxe5 Rb7 30. Bd4 f4 31. c4 dxc4 32. Rxc4 Qh3 33. Nc5 Re7 34. Ne4 Re6
35. Qg2 Qh5 36. Kh1 Rg6 37. Qf1 f3 38. Ra2 Rf4 39. Bf2 Rg2 40. Bg3 Rxe4 41.
Rxe4 Rxa2 42. Rf4 Rc2 43. Rxf3 Be7 44. Qd3 Nc7 45. Rf5 Qe2 46. Qxe2 Rxe2 0-1

[Event "CCM6 - 13. ORDIX Open"]
[Site "Mainz"]
[Date "2006.??.??"]
[Round "4"]
[White "Lanka, Zigurds"]
[Black "Harikrishna, Pentala"]
[Result "0-1"]
[WhiteElo "2510"]
[BlackElo "2682"]
[PlyCount "78"]
[EventDate "2006.??.??"]
[EventType "rapid"]
[EventRounds "11"]
[EventCountry "GER"]
[Source "Mike Rosa"]
[SourceDate "2009.01.01"]

1. e4 e5 2. Nf3 Nc6 3. Bb5 a6 4. Ba4 Nf6 5. O-O Be7 6. Re1 b5 7. Bb3 O-O 8. h3
Bb7 9. d3 d6 10. Bd2 Nd7 11. a3 Kh8 12. Nc3 f5 13. exf5 Rxf5 14. Bd5 Rf8 15.
Nh2 Nf6 16. Bf3 d5 17. Ng4 Nxg4 18. hxg4 Nd4 19. Rxe5 Nxf3+ 20. gxf3 Bd6 21.
Rh5 c5 22. Rh3 Qf6 23. b4 cxb4 24. axb4 Bxb4 25. Ne4 dxe4 26. Bxb4 Rfd8 27.
fxe4 Bxe4 28. Qe1 Bb7 29. Be7 Qc6 30. f3 Re8 31. Qh4 Qg6 32. Re1 h6 33. g5 Rac8
34. Rg3 h5 35. Rh3 Kg8 36. Rh2 Bxf3 37. Rf2 Bg4 38. Qh1 Rxe7 39. Rxe7 Qxg5 0-1

[Event "CCM6 - 13. ORDIX Open"]
[Site "Mainz"]
[Date "2006.??.??"]
[Round "4"]
[White "Mamedyarov, Shakhriyar"]
[Black "Pinter, Jozsef"]
[Result "1-0"]
[WhiteElo "2722"]
[BlackElo "2532"]
[PlyCount "60"]
[EventDate "2006.??.??"]
[EventType "rapid"]
[EventRounds "11"]
[EventCountry "GER"]
[Source "Mike Rosa"]
[SourceDate "2009.01.01"]

1. d4 Nf6 2. c4 e6 3. Nf3 d5 4. Nc3 c5 5. Bg5 cxd4 6. Qxd4 Be7 7. cxd5 exd5 8.
e3 Nc6 9. Bb5 O-O 10. Bxc6 bxc6 11. O-O Be6 12. Rac1 c5 13. Qd3 Rb8 14. b3 c4
15. Qd1 Ba3 16. Rc2 cxb3 17. axb3 d4 18. Nxd4 Bxb3 19. Qa1 Bxc2 20. Qxa3 Bg6
21. Nc6 Qb6 22. Nxb8 Rxb8 23. Bxf6 Qxf6 24. Qxa7 Rd8 25. Qc7 h6 26. h3 Rd2 27.
Qa5 Rc2 28. Nd5 Qe5 29. Qd8+ Kh7 30. Ne7 h5 1-0

[Event "CCM6 - 13. ORDIX Open"]
[Site "Mainz"]
[Date "2006.??.??"]
[Round "4"]
[White "Ruck, Robert"]
[Black "Grischuk, Alexander"]
[Result "1/2-1/2"]
[WhiteElo "2537"]
[BlackElo "2719"]
[PlyCount "36"]
[EventDate "2006.??.??"]
[EventType "rapid"]
[EventRounds "11"]
[EventCountry "GER"]
[Source "Mike Rosa"]
[SourceDate "2009.01.01"]

1. Nf3 Nf6 2. c4 c6 3. d4 d5 4. Nc3 dxc4 5. a4 Bf5 6. Ne5 e6 7. f3 Bb4 8. e4
Bxe4 9. fxe4 Nxe4 10. Bd2 Qxd4 11. Nxe4 Qxe4+ 12. Qe2 Bxd2+ 13. Kxd2 Qd5+ 14.
Kc2 Na6 15. Nxc4 O-O 16. Qe5 Rab8 17. Rd1 Nb4+ 18. Kc1 Na2+ 1/2-1/2

[Event "CCM6 - 13. ORDIX Open"]
[Site "Mainz"]
[Date "2006.??.??"]
[Round "4"]
[White "Sargissian, Gabriel"]
[Black "Medvegy, Zoltan"]
[Result "1-0"]
[WhiteElo "2680"]
[BlackElo "2503"]
[PlyCount "62"]
[EventDate "2006.??.??"]
[EventType "rapid"]
[EventRounds "11"]
[EventCountry "GER"]
[Source "Mike Rosa"]
[SourceDate "2009.01.01"]

1. d4 Nf6 2. c4 e6 3. Nc3 Bb4 4. Nf3 c5 5. g3 cxd4 6. Nxd4 Ne4 7. Qd3 Bxc3+ 8.
bxc3 Nc5 9. Qd2 b6 10. Nb5 O-O 11. Nd6 Bb7 12. f3 Bc6 13. Ba3 Nba6 14. Bg2 Nc7
15. O-O Ne8 16. Nb5 Bxb5 17. cxb5 Rc8 18. c4 Nf6 19. Rfd1 Qe7 20. e4 Rfd8 21.
Qe3 d6 22. Rd2 e5 23. Bh3 Rc7 24. Rad1 Nb7 25. Bf1 Qe6 26. Bb4 Nc5 27. a4 Nb7
28. a5 bxa5 29. Ba3 Ne8 30. Qxa7 Nc5 31. Qb6 Rb7 1-0

[Event "CCM6 - 13. ORDIX Open"]
[Site "Mainz"]
[Date "2006.??.??"]
[Round "4"]
[White "Shirov, Alexei"]
[Black "Kunin, Vitaly"]
[Result "0-1"]
[WhiteElo "2699"]
[BlackElo "2510"]
[PlyCount "110"]
[EventDate "2006.??.??"]
[EventType "rapid"]
[EventRounds "11"]
[EventCountry "GER"]
[Source "Mike Rosa"]
[SourceDate "2009.01.01"]

1. e4 c5 2. Nf3 Nf6 3. Nc3 d5 4. exd5 Nxd5 5. Bb5+ Bd7 6. Ne5 Nf6 7. Qf3 Qc8 8.
Nxd7 Nbxd7 9. d3 e6 10. Bf4 Be7 11. a4 O-O 12. g4 Nd5 13. Nxd5 exd5 14. Qxd5
Nf6 15. Qf5 Nxg4 16. Qxc8 Raxc8 17. h3 Nf6 18. O-O-O Nd5 19. Bg3 Rfd8 20. Rhe1
Bf6 21. c3 g6 22. Kc2 Kg7 23. Re4 Ne7 24. Rde1 Nf5 25. Bf4 Nd6 26. Bxd6 Rxd6
27. Bc4 Rd7 28. R1e3 Rcc7 29. Re8 Re7 30. Ra8 b6 31. Bd5 Bg5 32. Re4 f5 33.
Rxe7+ Rxe7 34. Kb3 Bc1 35. Kc2 Bg5 36. Kd1 Bh4 37. f3 Kf6 38. Bc6 Kg5 39. Re8
Rc7 40. Bd5 Kf4 41. Rh8 Re7 42. Bg8 Re8 43. Rxh7 Rxg8 44. Rxh4+ Kxf3 45. Rh7
Rf8 46. Rxa7 f4 47. Ra6 Rb8 48. a5 bxa5 49. Kc2 Rg8 50. Rxa5 Kg2 51. Rxc5 f3
52. Rg5+ Kxh3 53. Kd2 Kh4 54. Rg1 f2 55. Ra1 Kg3 0-1

[Event "CCM6 - 13. ORDIX Open"]
[Site "Mainz"]
[Date "2006.??.??"]
[Round "5"]
[White "Aleksandrov, Alexcey"]
[Black "Gaponenko, Inna"]
[Result "1-0"]
[WhiteElo "2634"]
[BlackElo "2458"]
[PlyCount "69"]
[EventDate "2006.??.??"]
[EventType "rapid"]
[EventRounds "11"]
[EventCountry "GER"]
[Source "Mike Rosa"]
[SourceDate "2009.01.01"]

1. d4 Nf6 2. c4 e6 3. Nc3 Bb4 4. e3 O-O 5. Bd3 d5 6. cxd5 exd5 7. Nge2 Re8 8.
O-O b6 9. Bd2 Bb7 10. f3 c5 11. a3 Ba5 12. Qe1 Nc6 13. Qh4 h6 14. Rad1 a6 15.
Kh1 Bc8 16. Bc1 Be6 17. g4 Nd7 18. Qf2 Qc7 19. Rg1 Qd8 20. Nf4 Nf8 21. Nce2 c4
22. Bc2 b5 23. b3 Bb6 24. bxc4 bxc4 25. e4 Ne7 26. g5 hxg5 27. Rxg5 f6 28. Rg2
dxe4 29. fxe4 Bf7 30. Rdg1 g5 31. h4 Nh7 32. hxg5 Nxg5 33. e5 Nd5 34. exf6 Nxf4
35. Qxf4 1-0

[Event "CCM6 - 13. ORDIX Open"]
[Site "Mainz"]
[Date "2006.??.??"]
[Round "5"]
[White "David, Alberto"]
[Black "Mamedyarov, Shakhriyar"]
[Result "0-1"]
[WhiteElo "2580"]
[BlackElo "2722"]
[PlyCount "50"]
[EventDate "2006.??.??"]
[EventType "rapid"]
[EventRounds "11"]
[EventCountry "GER"]
[Source "Mike Rosa"]
[SourceDate "2009.01.01"]

1. e4 e5 2. Nf3 Nc6 3. Bb5 a6 4. Ba4 Nf6 5. d3 d6 6. c3 g6 7. O-O Bg7 8. Re1
O-O 9. h3 Bd7 10. d4 h6 11. d5 Ne7 12. Bxd7 Nxd7 13. c4 f5 14. Nc3 Nf6 15. b4
Qe8 16. Rb1 g5 17. exf5 Nxf5 18. Qd3 Qg6 19. Ne4 g4 20. Nxf6+ Rxf6 21. hxg4
Qxg4 22. Re4 Qh5 23. g4 Qg6 24. Rb3 Raf8 25. Bd2 Ng3 0-1

[Event "CCM6 - 13. ORDIX Open"]
[Site "Mainz"]
[Date "2006.??.??"]
[Round "5"]
[White "Fridman, Daniel"]
[Black "Bacrot, Etienne"]
[Result "1-0"]
[WhiteElo "2562"]
[BlackElo "2708"]
[PlyCount "39"]
[EventDate "2006.??.??"]
[EventType "rapid"]
[EventRounds "11"]
[EventCountry "GER"]
[Source "Mike Rosa"]
[SourceDate "2009.01.01"]

1. d4 d5 2. Nf3 Nf6 3. c4 c6 4. e3 Bf5 5. Nc3 e6 6. Nh4 Bg6 7. Nxg6 hxg6 8. Bd2
Nbd7 9. Rc1 Bd6 10. g3 O-O 11. cxd5 exd5 12. Bg2 Re8 13. O-O Nf8 14. Re1 Ne6
15. a3 Qd7 16. Re2 g5 17. h3 g6 18. Be1 Re7 19. e4 dxe4 20. Nxe4 1-0

[Event "CCM6 - 13. ORDIX Open"]
[Site "Mainz"]
[Date "2006.??.??"]
[Round "5"]
[White "Gyimesi, Zoltan"]
[Black "Boidman, Yuri"]
[Result "1-0"]
[WhiteElo "2614"]
[BlackElo "2439"]
[PlyCount "90"]
[EventDate "2006.??.??"]
[EventType "rapid"]
[EventRounds "11"]
[EventCountry "GER"]
[Source "Mike Rosa"]
[SourceDate "2009.01.01"]

1. d4 d5 2. c4 c6 3. Nf3 Nf6 4. Nc3 e6 5. Bg5 Nbd7 6. cxd5 exd5 7. e3 Bd6 8.
Bd3 Nf8 9. Bh4 Ng6 10. Bg3 O-O 11. Qc2 Re8 12. O-O-O a6 13. Kb1 b5 14. Rc1 Bb7
15. Ne2 Ne4 16. Bxe4 Rxe4 17. Nd2 Re8 18. Nb3 a5 19. Bxd6 Qxd6 20. Ng3 a4 21.
Nc5 Bc8 22. Qc3 Nh4 23. Rhg1 Nf5 24. Ka1 Nxg3 25. hxg3 a3 26. b4 Bf5 27. Nb7
Qe7 28. Na5 Be4 29. Qxa3 Qf6 30. Qb2 Ra6 31. Rc3 h6 32. g4 Qg6 33. Qe2 Qd6 34.
Rc5 Qh2 35. Rcc1 Qd6 36. Rc5 Qh2 37. Qf1 Rea8 38. f3 Bg6 39. Rh1 Qd6 40. Qe2
Rxa5 41. Rhc1 R8a6 42. Qd2 f6 43. R5c3 Qd7 44. Ra3 Rxa3 45. Rc3 Qe6 1-0

[Event "CCM6 - 13. ORDIX Open"]
[Site "Mainz"]
[Date "2006.??.??"]
[Round "5"]
[White "Halkias, Stelios"]
[Black "Sargissian, Gabriel"]
[Result "0-1"]
[WhiteElo "2551"]
[BlackElo "2680"]
[PlyCount "102"]
[EventDate "2006.??.??"]
[EventType "rapid"]
[EventRounds "11"]
[EventCountry "GER"]
[Source "Mike Rosa"]
[SourceDate "2009.01.01"]

1. d4 Nf6 2. c4 e6 3. Nf3 b6 4. Nc3 Bb7 5. Bg5 Be7 6. e3 h6 7. Bh4 c5 8. dxc5
bxc5 9. Be2 d6 10. O-O O-O 11. Qc2 a6 12. Rfd1 Qc7 13. h3 Nbd7 14. Rd2 Rfd8 15.
Rad1 Rac8 16. Bg3 Nb6 17. b3 Qc6 18. a4 Ne8 19. Ne1 Nd7 20. Bf1 Qb6 21. Nd3 Nb8
22. Nf4 Nc6 23. Rb1 Nf6 24. Qd1 Nb4 25. Nh5 Nxh5 26. Qxh5 Bf6 27. Rc1 d5 28.
Ne2 d4 29. exd4 cxd4 30. c5 Qa5 31. Bh4 Rd5 32. Qg4 Bxh4 33. Qxh4 e5 34. Ng3
Rdxc5 35. Bc4 Bd5 36. Nf5 Qd8 37. Qg4 Qf6 38. Re1 h5 39. Qxh5 g6 40. Nh6+ Kg7
41. Qxe5 Bxc4 42. Rxd4 Kxh6 43. bxc4 Nc6 44. Rd7 Kg7 45. Rc7 Rxc4 46. f4 Na5
47. Ra7 Rxf4 48. Rxa6 Rxa4 49. h4 Ra3 50. g4 g5 51. h5 Nc4 0-1

[Event "CCM6 - 13. ORDIX Open"]
[Site "Mainz"]
[Date "2006.??.??"]
[Round "5"]
[White "Harikrishna, Pentala"]
[Black "Erenburg, Sergey"]
[Result "1-0"]
[WhiteElo "2682"]
[BlackElo "2560"]
[PlyCount "117"]
[EventDate "2006.??.??"]
[EventType "rapid"]
[EventRounds "11"]
[EventCountry "GER"]
[Source "Mike Rosa"]
[SourceDate "2009.01.01"]

1. e4 e5 2. Nf3 Nf6 3. Nc3 Nc6 4. g3 Bc5 5. Bg2 d6 6. d3 h6 7. Na4 Bb6 8. Nxb6
axb6 9. O-O O-O 10. h3 Re8 11. Re1 d5 12. exd5 Nxd5 13. d4 e4 14. Ne5 Nf6 15.
Nxc6 bxc6 16. c4 Bf5 17. b3 Qd7 18. Kh2 Nh7 19. Be3 Ng5 20. Bxg5 hxg5 21. Qd2
f6 22. Re3 Rad8 23. Rd1 Kf7 24. g4 Bg6 25. Qe2 Qd6+ 26. Kg1 Qf4 27. d5 cxd5 28.
cxd5 Qe5 29. Qc4 Kf8 30. Rd4 c5 31. Rd1 Rd6 32. a4 Kg8 33. a5 bxa5 34. Qxc5
Red8 35. Qxa5 Kh7 36. Qa4 Rxd5 37. Rxd5 Rxd5 38. Bxe4 Bxe4 39. Qxe4+ Qxe4 40.
Rxe4 Rd3 41. Re3 Rd2 42. Kg2 Rb2 43. Kg3 Kh6 44. f4 gxf4+ 45. Kxf4 g6 46. h4
g5+ 47. hxg5+ fxg5+ 48. Ke5 Kg6 49. Kd5 Kf6 50. Kc5 Rc2+ 51. Kb5 Rf2 52. b4 Rf4
53. Rg3 Ke5 54. Kc5 Rf1 55. Rc3 Rd1 56. b5 Rd5+ 57. Kb4 Rd1 58. b6 Kd5 59. b7
1-0

[Event "CCM6 - 13. ORDIX Open"]
[Site "Mainz"]
[Date "2006.??.??"]
[Round "5"]
[White "Morozevich, Alexander"]
[Black "Agrest, Evgenij"]
[Result "1-0"]
[WhiteElo "2730"]
[BlackElo "2587"]
[PlyCount "195"]
[EventDate "2006.??.??"]
[EventType "rapid"]
[EventRounds "11"]
[EventCountry "GER"]
[Source "Mike Rosa"]
[SourceDate "2009.01.01"]

1. e4 c5 2. Nf3 d6 3. d4 Nf6 4. Nc3 cxd4 5. Nxd4 a6 6. g3 e5 7. Nf3 Nbd7 8. Bg2
Be7 9. Nh4 g6 10. Bh6 Nc5 11. Bg7 Rg8 12. Bxf6 Bxf6 13. Nf3 Be6 14. Qd2 g5 15.
h4 h6 16. Rd1 Be7 17. hxg5 hxg5 18. Nh2 Qb6 19. b3 O-O-O 20. Nf1 g4 21. Nd5
Bxd5 22. Qxd5 Bg5 23. Nd2 Bxd2+ 24. Rxd2 Ne6 25. Rh7 Ng5 26. Rh4 Ne6 27. c3 Kb8
28. Bf1 Ka8 29. a4 Rc8 30. a5 Qc6 31. Qxc6 Rxc6 32. Be2 Nc5 33. Bxg4 Nxb3 34.
Rd5 Rxc3 35. Kf1 Nc5 36. Bf5 Ra3 37. Rh7 Rxa5 38. Rxf7 Rb5 39. Rxd6 a5 40. Rd5
a4 41. Rc7 b6 42. Bd7 Rb1+ 43. Kg2 a3 44. Rcxc5 bxc5 45. Rxc5 Rg7 46. Be6 Kb8
47. Rc8+ Ka7 48. Rc3 Ra1 49. Bd5 Kb6 50. Kf3 Rg6 51. Ke2 Kb5 52. Rb3+ Ka4 53.
Rb8 Ra6 54. Bb3+ Ka5 55. Bc4 Rb6 56. Ra8+ Kb4 57. Bd5 Rb1 58. f4 Rb2+ 59. Kf3
exf4 60. gxf4 Rh6 61. f5 Rhh2 62. Kf4 a2 63. f6 Kc5 64. Ke5 Rh5+ 65. Ke6 Rb6+
66. Ke7 Re5+ 67. Kd7 Rb2 68. f7 Rf2 69. Ra5+ Kd4 70. Rxa2 Rf6 71. Ra4+ Ke3 72.
Ra8 Rxf7+ 73. Bxf7 Kxe4 74. Kd6 Rg5 75. Ra4+ Kd3 76. Bd5 Kd2 77. Kc5 Rg7 78.
Kd4 Rd7 79. Ra2+ Ke1 80. Ke4 Rd8 81. Bc6 Rd2 82. Ra1+ Rd1 83. Ra3 Rd6 84. Bd5
Rd7 85. Ra2 Rd8 86. Rh2 Kd1 87. Kd4 Rd7 88. Kc4 Rd8 89. Bf3+ Kc1 90. Be4 Rc8+
91. Kd4 Rd8+ 92. Ke3 Rc8 93. Ra2 Rc7 94. Bd3 Rc8 95. Kd4 Kd1 96. Bc4 Rd8+ 97.
Kc3 Re8 98. Ra1# 1-0

[Event "CCM6 - 13. ORDIX Open"]
[Site "Mainz"]
[Date "2006.??.??"]
[Round "5"]
[White "Prusikin, Michael"]
[Black "Kasimdzhanov, Rustam"]
[Result "0-1"]
[WhiteElo "2547"]
[BlackElo "2673"]
[PlyCount "93"]
[EventDate "2006.??.??"]
[EventType "rapid"]
[EventRounds "11"]
[EventCountry "GER"]
[Source "Mike Rosa"]
[SourceDate "2009.01.01"]

1. e4 c5 2. Nf3 e6 3. c3 d5 4. exd5 exd5 5. d4 c4 6. b3 cxb3 7. axb3 Bd6 8. Bd3
Ne7 9. Qc2 Nbc6 10. O-O Bg4 11. Nbd2 Bh5 12. Re1 Bg6 13. Ba3 O-O 14. Bxd6 Qxd6
15. Bxg6 Nxg6 16. g3 Rac8 17. Qd3 Rfe8 18. Nf1 Qd7 19. Ne3 Rcd8 20. Kg2 a6 21.
Re2 Re4 22. Rae1 Rde8 23. h4 h6 24. h5 Nf8 25. Nd2 R4e7 26. Nef1 Rxe2 27. Rxe2
Rxe2 28. Qxe2 Nh7 29. Ne3 Nf6 30. Qf3 Ne7 31. Qf4 Nxh5 32. Qb8+ Kh7 33. Nf3 Nc6
34. Qf8 Nf6 35. Ne5 Nxe5 36. dxe5 Ne4 37. g4 f6 38. f3 d4 39. Nf5 dxc3 40. fxe4
fxe5 41. Qc5 Qd2+ 42. Kh3 Qd3+ 43. Ng3 c2 44. Qc7 a5 45. g5 hxg5 46. Kg4 Qd1+
47. Kh3 0-1

[Event "CCM6 - 13. ORDIX Open"]
[Site "Mainz"]
[Date "2006.??.??"]
[Round "6"]
[White "Almasi, Zoltan"]
[Black "Portisch, Lajos"]
[Result "1/2-1/2"]
[WhiteElo "2657"]
[BlackElo "2512"]
[PlyCount "73"]
[EventDate "2006.??.??"]
[EventType "rapid"]
[EventRounds "11"]
[EventCountry "GER"]
[Source "Mike Rosa"]
[SourceDate "2009.01.01"]

1. e4 e5 2. Nf3 Nc6 3. Bb5 Nf6 4. O-O Be7 5. Re1 d6 6. c3 O-O 7. h3 Bd7 8. Bf1
Re8 9. d4 Bf8 10. d5 Nb8 11. c4 a5 12. Nc3 Na6 13. Be3 Nc5 14. Nd2 g6 15. b3
Nh5 16. a3 Be7 17. b4 axb4 18. axb4 Na6 19. Rb1 Bg5 20. Qf3 Bxe3 21. Qxe3 Qe7
22. Rec1 f5 23. exf5 gxf5 24. c5 dxc5 25. Bxa6 Rxa6 26. Qxc5 Qg7 27. Kh2 Nf4
28. Rg1 Nd3 29. Qxc7 Nxf2 30. Rbf1 Ng4+ 31. Kh1 Rh6 32. Qxb7 e4 33. Ne2 e3 34.
Nf3 Nf2+ 35. Kh2 Ng4+ 36. Kh1 Nf2+ 37. Kh2 1/2-1/2

[Event "CCM6 - 13. ORDIX Open"]
[Site "Mainz"]
[Date "2006.??.??"]
[Round "6"]
[White "Doettling, Fabian"]
[Black "Postny, Evgeny"]
[Result "1/2-1/2"]
[WhiteElo "2550"]
[BlackElo "2590"]
[PlyCount "28"]
[EventDate "2006.??.??"]
[EventType "rapid"]
[EventRounds "11"]
[EventCountry "GER"]
[Source "Mike Rosa"]
[SourceDate "2009.01.01"]

1. d4 Nf6 2. Nf3 e6 3. c4 b6 4. g3 Ba6 5. Nbd2 c5 6. Bg2 Nc6 7. dxc5 Bxc5 8.
O-O Be7 9. b3 O-O 10. Bb2 Rc8 11. Rc1 d5 12. cxd5 Nxd5 13. Nc4 Bf6 14. Qd2 Bxb2
1/2-1/2

[Event "CCM6 - 13. ORDIX Open"]
[Site "Mainz"]
[Date "2006.??.??"]
[Round "6"]
[White "Kasimdzhanov, Rustam"]
[Black "Morozevich, Alexander"]
[Result "1/2-1/2"]
[WhiteElo "2673"]
[BlackElo "2730"]
[PlyCount "22"]
[EventDate "2006.??.??"]
[EventType "rapid"]
[EventRounds "11"]
[EventCountry "GER"]
[Source "Mike Rosa"]
[SourceDate "2009.01.01"]

1. e4 e6 2. d4 d5 3. Nc3 Nf6 4. Bg5 Be7 5. e5 Nfd7 6. Bxe7 Qxe7 7. Qd2 a6 8.
Nd1 c5 9. c3 Nc6 10. f4 f5 11. Nf3 O-O 1/2-1/2